000 00538nam a2200193Ia 4500
005 20230425141035.0
008 131103s9999 xx 000 0 und d
040 _aLoreto College
041 _aEnglish
082 _aTAG 891.44
_bTAG-BAN
100 _aBanerjee, Hironmoy
245 _aRabindra-darshan
_cHironmoy Banerjee
260 _aCalcutta
_bSahitya Sansad
_c1962
300 _a115p
650 _aTagore, Rabindranath, 1861-1941- Criticism and Interpretation
651 _aBengali Literature
850 _aLCLIB
942 _cBK
999 _c16889
_d67368